00354 a2200109 4500001001000000005001700010008004100027245008000068100002400148773005500172999001700227ART_2648520260410161933.0260409a 10aLa aplicación del impuesto al gasto en lugar del impuesto a los réditos1 aForino, Sabatino A.0 tInformeg- Año III, Nº 22 (abr. 1971)wREV23765 c28793d28793